000 00593nam a22002057a 4500
999 _c4121
_d4121
003 OSt
005 20210524145148.0
008 160523b xxu||||| |||| 00| 0 eng d
020 _a0781750210
040 _cDLMN.
082 _aQS17 E71d 2000.
100 _aEroschenko, P. Victor;
_98891
245 _adi Fiore's Atlas of Histology With Functional Correlations.
250 _a10th ed.
260 _aPhiladelphia,New York.
_bLippincott Williams& Wilkins.
_c2000
300 _axv,448p;
_bcol,ill;
_c26cm.
504 _aincludes index.
650 _aAtlas histology.
_9194
942 _2z
_cO_SHELF